| 000 | 00818nam a2200241 i 4500 | ||
|---|---|---|---|
| 001 | 88739 | ||
| 003 | ES-MaACL | ||
| 005 | 20230906175921.0 | ||
| 007 | t| | ||
| 008 | 041220s1990 fr ||||1| fre d | ||
| 020 | _a2-251-33901-9 | ||
| 080 | _a94(37)".../-0030" | ||
| 100 | 1 |
_aDionisio de Halicarnaso. _944855 |
|
| 245 | 1 | 4 |
_aLes antiquites romaines _b: livres I et II (Les origines de Rome) / _cDenys d'Halicarnase ; traduit et commenté par Valerie Fromentin et Jacques Schanèabele. |
| 260 |
_aParis : _bLes Belles Lettres, _c1990. |
||
| 300 |
_aXIX, 303 p. : _bmapas ; _c21 cm. |
||
| 490 | 1 | _aLa roue a livres | |
| 700 | 1 |
_aFromentin, Valerie. _952728 |
|
| 700 | 1 |
_aSchnèabele, Jacques. _9132561 |
|
| 830 | 0 |
_aLa roue a livres _9184235 |
|
| 852 |
_aES-MaACL _jE-10596 _bR.134839 |
||
| 999 |
_c88739 _d88739 |
||